Data protection (Record no. 103178)

MARC details
000 -LEADER
fixed length control field 01485cam a2200301 4500
008 - FIXED-LENGTH DATA ELEMENTS--GENERAL INFORMATION
fixed length control field 031103n2003 000 0 eng u
020 ## - INTERNATIONAL STANDARD BOOK NUMBER
International Standard Book Number 0421794801
035 ## - SYSTEM CONTROL NUMBER
System control number (Sirsi) u124219
041 ## - LANGUAGE CODE
Language code of text/sound track or separate title eng
050 ## - LIBRARY OF CONGRESS CALL NUMBER
Classification number 001.6026
-- 18
100 ## - MAIN ENTRY--PERSONAL NAME
Personal name Jay, Rosemary
245 ## - TITLE STATEMENT
Title Data protection
Remainder of title law and practice
250 ## - EDITION STATEMENT
Edition statement 2nd ed.
260 ## - PUBLICATION, DISTRIBUTION, ETC.
Place of publication, distribution, etc. London
Name of publisher, distributor, etc. Sweet and Maxwell
Date of publication, distribution, etc. 2003
300 ## - PHYSICAL DESCRIPTION
Extent lx, 836p.
Dimensions 26cm.
350 ## - PRICE (NR) (BK AM CF MU VM SE) [OBSOLETE]
Price 149
520 ## - SUMMARY, ETC.
Summary, etc. Written for data protection practitioners, this fully revised and extended second edition is the essential work for anyone concerned with this area of law. Explains the background to the legislation and gives guidance on how to approach interpretation. Provides detailed coverage of the relationship between data protection, the right to private life under the Human Rights Convention and the development of UK case law on privacy rights since October 2000. Looks forward to the new rights of access to information to be introduced under the Freedom of Information Act 2000 and the relation between those and the protection of personal privacy. Table of cases, UK and European legislation.
520 ## - SUMMARY, ETC.
Summary, etc. supersedes first edition (ISBN 0752006231)
650 ## - SUBJECT ADDED ENTRY--TOPICAL TERM
Topical term or geographic name entry element DATA PROTECTION
650 ## - SUBJECT ADDED ENTRY--TOPICAL TERM
Topical term or geographic name entry element DATA PROTECTION ACT 1998
650 ## - SUBJECT ADDED ENTRY--TOPICAL TERM
Topical term or geographic name entry element DATA PROTECTION ACT 1984
650 ## - SUBJECT ADDED ENTRY--TOPICAL TERM
Topical term or geographic name entry element FREEDOM OF INFORMATION ACT 2000
650 ## - SUBJECT ADDED ENTRY--TOPICAL TERM
Topical term or geographic name entry element PERSONAL DATA
650 ## - SUBJECT ADDED ENTRY--TOPICAL TERM
Topical term or geographic name entry element TELECOMMUNICATIONS
690 ## - LOCAL SUBJECT ADDED ENTRY--TOPICAL TERM (OCLC, RLIN)
Topical term or geographic name as entry element LAW
700 ## - ADDED ENTRY--PERSONAL NAME
Personal name Hamilton, Angus
942 ## - ADDED ENTRY ELEMENTS (KOHA)
Suppress in OPAC 0
Holdings
Withdrawn status Lost status Source of classification or shelving scheme Damaged status Not for loan Home library Current library Shelving location Date acquired Cost, normal purchase price Total Checkouts Full call number Barcode Date last seen Date last checked out Copy number Cost, replacement price Price effective from Koha item type
    Other/Generic Classification Scheme     London London Books 01/12/2003 126.65 1 001.6026 JAY 30068875 06/08/2019 14/07/2004 1 126.65 06/08/2019 Book